000 00607nam a2200229Ia 4500
003 OSt
005 20230330162342.0
008 210423s2008 xx 000 0 und d
020 _a9788174466051
040 _cAL
041 _aeng
082 _a332.642 MISB
100 _aMISHRA (Bishnupriya);DEBASISH (Sathya Swaroop)
_980494
245 _aIndian stock market
260 _aNew Delhi
_bExcel Books
_c2008
300 _ax,209
_bPB
365 _b295
_cINR
650 _aFinancial Economics
_980495
650 _aInvestment Management
_980496
906 _aIndian ; market ; stock
942 _2ddc
_cBK
999 _c157654
_d157654